| 000 | 01248nam0a22002891 4500 | ||
|---|---|---|---|
| 001 | rc\2201179 | ||
| 005 | 20260407075137.0 | ||
| 035 | _a(NLR Aleph) 006694121 | ||
| 090 |
_a5176215 _c5176215 |
||
| 100 | _a20110829g19791980|||y0rusy50 ca | ||
| 101 | 0 | _arus | |
| 102 | _aRU | ||
| 105 | _ay z ||||| | ||
| 200 | 1 |
_aОрганизация лечения больных с тяжелыми и сочетанными травмами _eСб. науч. тр. _fМ-во здравоохранения РСФСР, Ленингр. НИИ им. Р.Р. Вредена _g[Ред. К.Г. Ниренбург] |
|
| 210 |
_aЛенинград _cБ. и. _d1979 (вып. дан. 1980) |
||
| 215 |
_a115 с. _d22 |
||
| 300 | _aНа обороте тит. л.: Вып. 9 | ||
| 606 |
_aТравмы _jСборники _xЛечение _2psbo |
||
| 702 | 1 |
_aНиренбург _bК.Г. _gКлиментий Григорьевич _4340 |
|
| 712 | 0 | 2 |
_aЛенинградский НИИ травматологии и ортопедии им. Р. Р. Вредена _3RU\NLR\AUTH\884050 _9279453 |
| 801 | 0 |
_aRU _bNLR _gpsbo |
|
| 801 | 1 |
_aRU _bELAR _2rusmarc |
|
| 852 |
_aNLR _j81-5/2362 |
||
| 899 |
_aRuMoRGB _jR 315/29 |
||
| 899 |
_aRuMoRGB _jR 315/31 |
||
| 942 | _cBOOK | ||
| 980 | _aNB | ||